Australian army equipment - Statistics

General Stats
  • This quiz has been taken 32 times
  • The average score is 5 of 30
Answer Stats
Hint Answer % Correct
ef88
71%
bushmaster
65%
Artillery M777
59%
g wagon
35%
maximi
35%
javelin
29%
m1a1 abrams
29%
support weapons m2
29%
mag58
29%
mp5
18%
Small arms aw50f
12%
aviation ch47 chinook
12%
hk417
12%
mrh90 taipan
12%
sr98
12%
ah64e apache
6%
vehicles and surveillance ALAV
6%
antpq48 counter mortar radar
6%
blaser tactical 2
6%
browning hi power mk3
6%
eurocopter tiger arh
6%
f1 grenade
6%
f88a2
6%
L16 81mm f2 mortar
6%
m113as4 apc
6%
m18a1 claymore
6%
m3 carl gustav
6%
para minimi
6%
rq7b shadow
6%
sikorsky uh60 black hawk
6%
No matching quizzes found
Score Distribution
Percent of People with Each Score
Percentile by Number Answered
Your Score History
You have not taken this quiz